000 00594nam a22001577a 4500
008 160427b xxu||||| |||| 00| 0 eng d
082 _22009
_aUT 0184
_bD37
100 _96492
_aDela Cruz, Charisse A.
245 _aWork ethics and competency of Nursing student at Digos Doctors' Hospital, Digos City/
_cCharisse A. Dela Cruz, Leslie N. Camarillo and Aniway L. Ymas.
260 _aDigos City:
_bUMDC
_cNovember 2009.
300 _a53 pages;
_c27 cm.
650 0 _96491
_aNursing
_xUndergraduate thesis.
700 _96489
_aCamarillo, Leslie N.
700 _96490
_aYmas, Aniway L.
942 _2ddc
_cUT
999 _c2016
_d2016